The logic of social research (Record no. 542822)

MARC details
000 -LEADER
fixed length control field 01273nam a2200217Ia 4500
008 - FIXED-LENGTH DATA ELEMENTS--GENERAL INFORMATION
fixed length control field 240825s9999 xx 000 0 und d
020 ## - INTERNATIONAL STANDARD BOOK NUMBER
ISBN 9788131610923
Paper back/Hardbound hbk
041 ## - LANGUAGE CODE
Language code of text/sound track or separate title eng
082 ## - DEWEY DECIMAL CLASSIFICATION NUMBER
Classification number 300.72
Item number STI
100 ## - MAIN ENTRY--AUTHOR NAME
Personal name Stinchcombe, Arthur L
245 #4 - TITLE STATEMENT
Title The logic of social research
Statement of responsibility, etc / Arthur L. Stinchcombe
250 ## - EDITION STATEMENT
Edition statement 1st ed.
260 ## - PUBLICATION, DISTRIBUTION, ETC. (IMPRINT)
Name of publisher Rawat Publication
Year of publication 2005
Place of publication Jaipur
300 ## - PHYSICAL DESCRIPTION
Number of Pages 354 p.
Dimensions 23 cm.
500 ## - GENERAL NOTE
General note Reprint, 2019
504 ## - BIBLIOGRAPHY, ETC. NOTE
Bibliography, etc Includes index
520 ## - SUMMARY, ETC.
Summary, etc Arthur L. Stinchcombe has earned a reputation as a leading practitioner of methodology in sociology and related disciplines. Throughout his distinguished career he has championed the idea that to be an effective sociologist, one must use many methods. This incisive work introduces students to the logic of those methods. The Logic of Social Research orients students to a set of logical problems that all methods must address to study social causation. Almost all sociological theory asserts that some social conditions produce other social conditions, but the theoretical links between causes and effects are not easily supported by observation.
650 ## - SUBJECT ADDED ENTRY--TOPICAL TERM
Topical Term SOCIAL SCIENCE / General; Sociology Methodology; Sociology Research Methodology
942 ## - ADDED ENTRY ELEMENTS (KOHA)
Koha item type English Books
Holdings
Withdrawn status Lost status Damaged status Not for loan Home library Current library Shelving location Date acquired Cost, normal purchase price Full call number Accession Number Price effective from Koha item type Copy number
        Anna Centenary Library Anna Centenary Library 3RD FLOOR, B WING 05.04.2024 1295.00 300.72 STI 662449 05.04.2024 English Books  
        Anna Centenary Library Anna Centenary Library 3RD FLOOR, B WING 05.04.2024 1295.00 300.72 STI;1 662450 05.04.2024 English Books 1

Find us on the map